All Countries by Population: Four at a time. - Statistics

General Stats
  • This quiz has been taken 607 times
  • The average score is 25 of 49
Answer Stats
Population Countries % Correct
273.5 mil -1.43 Bil China/India/USA/Indonesia
100%
164.7 mil - 220.9 mil Pakistan/Brazil/Nigeria/Bangladesh
98%
114.9 mil - 145.9 mil Russia/Mexico/Japan/Ethiopia
98%
89.6 mil - 109.6 mil Philippines/Egypt/Vietnam/DR Congo
95%
59.7 mil - 87.9 mil United Kingdom/France/Italy/Tanzania
95%
69.8 mil - 84.3 mil Turkey/Iran/Germany/Thailand
94%
45.2 mil - 50.9 mil Columbia/Spain/Uganda/Argentina
91%
51.3 mil - 59.3 mil South Africa/Myanmar/Kenya/South Korea
89%
36.9 mil - 38.9 mil Afghanistan/Poland/Canada/Morocco
87%
40.2 mil - 43.9 mil Algeria/Sudan/Ukraine/Iraq
84%
32.9 mil - 34.8 mil Saudi Arabia/Uzbekistan/Peru/Angola
76%
29.8 mil - 32.4 mil Malaysia/Mozambique/Ghana/Yemen
66%
24.2 mil - 26.4 mil Ivory Coast/North Korea/Australia/Niger
63%
26.5 mil - 29.1 mil Nepal/Venezuela/Madagascar/Cameroon
63%
18.8 mil - 19.2 mil Romania/Malawi/Chile/Kazakhstan
59%
801 - 18.1k Palau/Tuvalu/Nauru/Vatican
58%
16.4 mil - 17.1 mil Netherlands/Senegal/Cambodia/Chad
55%
33.9k - 53.2k Saint Kitts & Nevis/Monaco/Liechtenstein/San Marino
53%
20.6 mil - 23.8 mil Taiwan/Sri Lanka/Burkina Faso/Mali
48%
10.2 mil - 10.8 mil Dominican Republic/Czech Republic/Greece/Jordan
47%
11.2 mil - 11.6 mil Belgium/Haiti/Cuba/South Sudan
46%
9.90 mil - 10.2 mil Portugal/Azerbaijan/Sweden/Honduras
45%
17.5 mil - 18.4 mil Zambia/Guatemala/Ecuador/Syria
45%
59.1k - 97.9k Antigua and Barbuda/Andorra/Dominica/Marshall Islands
44%
8.66 mil - 9.01 mil Austria/Papua New Guinea/Serbia/Israel
41%
287k - 393k Bahamas/Iceland/Vanuatu/Barbados
38%
119k - 219k Sao Tome & Principe/Samoa/Saint Lucia/Kiribati
38%
5.52 mil - 5.85 mil Singapore/Denmark/Finland/Congo
38%
11.7 mil - 12.1 mil Benin/Burundi/Tunisia/Bolivia
37%
98.3k - 112k Grenada/St Vincent & Grenadines/Tonga/Seychelles
37%
548k - 626k Luxembourg/Suriname/Cabo Verde/Micronesia
37%
13.0 mil - 15.9 mil Somalia/Zimbabwe/Guinea/Rwanda
37%
7.26 mil - 8.65 mil Switzerland/Togo/Sierra Leone/Laos
37%
9.45 mil - 9.88 mil United Arab Emirates/Hungary/Tajikistan/Belarus
37%
5.09 mil - 5.46 mil Slovakia/Norway/Oman/Costa Rica
36%
869k - 1.16 mil Eswatini/Djibouti/Fiji/Comoros
33%
628k - 787k Guyana/Bhutan/Solomon Islands/Montenegro
33%
6.86 mil - 7.13 mil Paraguay/Bulgaria/Libya/Lebanon
33%
1.20 mil - 1.33 mil Estonia/Timor-Leste/Mauritius/Cyprus
32%
1.40 mil - 1.89 mil Latvia/Bahrain/Equatorial Guinea/Trinidad and Tobago
32%
397k - 540k Maldives/Malta/Brunei/Belize
31%
2.96 mil - 3.28 mil Bosnia and Herzegovina/Mongolia/Armenia/Jamaica
30%
4.10 mil - 4.65 mil Mauritania/Panama/Kuwait/Croatia
30%
2.72 mil - 2.88 mil Qatar/Albania/Puerto Rico/Lithuania
30%
4.82 mil - 5.06 mil Liberia/Ireland/Central African Republic/ New Zealand
29%
1.97 mil - 2.14 mil Lesotho/North Macedonia/Slovenia/Guinea-Bissau
27%
3.47 mil - 4.03 mil Moldova/Georgia/Eritrea/Uruguay
26%
2.22 mil - 2.54 mil Namibia/Gambia/Botswana/Gabon
24%
6.06 mil - 6.62 mil Nicaragua/Kyrgyzstan/El Salvador/Turkmenistan
23%
No matching quizzes found
Score Distribution
Percent of People with Each Score
Percentile by Number Answered
Your Score History
You have not taken this quiz